000 00749nam a2200241Ia 4500
008 160418s9999 xx 000 0 und d
020 _a9716420447
050 _aFIL DS 675.8
050 _b.R5Z35 2007
100 _aZaide, Gregorio F.
245 _aJose Rizal :
245 _bbuhay, mga ginawa at mga sinulat ng isang henyo, manunulat, siyentifiko, at pambansang bayani /
245 _cGregorio F. Zaide, Sonia M. Zaide.
260 _aQuezon City:
260 _bAll-Nations Pub. Co. Inc.,
260 _c2007
300 _a545 pages :
300 _billustrations ;
300 _c22 cm.
500 _aIncludes bibliographical references and index.
650 _aRizal, Jose P. -- Biography.
650 _xRizal, Jose P., 1861-1896.
999 _c293657
_d293657